|
|
|
|
| LEADER |
00000nam a2200000 a 4500 |
| 001 |
UCN8076 |
| 003 |
CL-VaPUC |
| 008 |
011109e20000000CL |||||||||||||||||spa|d |
| 082 |
0 |
4 |
|a 338.2
|b COD
|2 21
|
| 110 |
2 |
|
|a CODELCO
|e author
|9 464279
|
| 245 |
1 |
0 |
|a Memoria anual 2000
|
| 300 |
|
|
|a 73 p
|
| 942 |
|
|
|c BK
|
| 945 |
|
|
|d 20011109 00:00:00
|a rbrito
|
| 260 |
|
|
|a Santiago
|b Codelco
|c 2000
|
| 600 |
0 |
7 |
|a CODELCO CHILE
|2 CL-VaPUC
|9 375599
|
| 650 |
|
0 |
|a Cobre
|9 255767
|
| 650 |
|
7 |
|a ESTADOS FINANCIEROS
|2 CL-VaPUC
|9 464280
|
| 650 |
|
0 |
|a Gestión administrativa
|9 375217
|
| 583 |
|
|
|a last modification
|c 20011109 00:00:00
|k Rodrigo Vera
|
| 999 |
|
|
|c 298138
|d 298136
|
| 952 |
|
|
|0 0
|1 0
|4 0
|6 338_200000000000000_COD_2000
|7 0
|8 A
|9 353501
|a BIBGIM
|b BIBGIM
|d 2019-11-21
|i 3754839
|o 338.2 COD 2000
|p 3754839
|r 2025-01-15
|w 2019-11-21
|y BK
|k GIM
|